|
|
|
|
| LEADER |
00000nkm a2200000 a 4500 |
| 001 |
vtls011552233 |
| 003 |
SK-MaSNL |
| 005 |
20260512125155.0 |
| 007 |
kp bo |
| 008 |
231214s1947 xo |g||||| |00 kuslo |
| 015 |
|
|
|a SNBG
|
| 035 |
|
|
|a urn:nbn:sk:snk-km00bk8u
|
| 035 |
|
|
|a urn:nbn:sk:snk-km3lmth
|
| 035 |
|
|
|a F7F1E409-792D-4257-990F-E803DA8E060A
|
| 040 |
|
|
|a SNK
|b slo
|c SNK
|e AACR2
|
| 041 |
0 |
|
|a slo
|
| 043 |
|
|
|a e-xo---
|
| 044 |
|
|
|a xo
|c SK
|
| 080 |
|
|
|a 908(437.6)
|2 2011
|
| 080 |
|
|
|a 614.214
|2 2011
|
| 080 |
|
|
|a (084.121)
|2 2011
|
| 080 |
|
|
|a (437.6)
|2 2011
|
| 245 |
0 |
0 |
|a Vysoké Tatry
|h grafika
|b Tatranská Lomnica 900 m : Slovenský dom
|
| 260 |
|
|
|a Bratislava
|b Kriváň
|c 1947
|
| 300 |
|
|
|a 1 pohľadnica
|b čiernobiela
|c 9 x 14 cm
|
| 610 |
2 |
7 |
|a Zotavovňa Slovenský dom (Tatranská Lomnica, Slovensko)
|2 SNKKA
|9 658895
|
| 651 |
|
7 |
|a Vysoké Tatry (Poľsko a Slovensko : pohorie)
|2 SNKPHgeo
|9 67729
|
| 651 |
|
7 |
|a Tatranská Lomnica (Vysoké Tatry, Slovensko)
|2 SNKPH
|9 160914
|
| 655 |
|
7 |
|a miestne pohľadnice
|2 SNKPH
|9 70510
|
| 852 |
|
|
|a Slovenská národná knižnica
|
| 958 |
|
|
|a GC
|
| 958 |
|
|
|a GBN
|
| 958 |
|
|
|a OND
|
| 999 |
|
|
|c 1019613
|d 1021543
|
| 952 |
|
|
|a SNK
|b SNK
|y PREZ
|7 0
|p 17A1183351
|o snkSP 15258
|0 0
|1 0
|4 0
|d 2016-05-13
|f 1
|l 0
|r 2026-02-24 13:20:09
|w 2026-02-24
|